[Event "DEM U10w 2025"]
[Site "Willingen GER"]
[Date "2025.06.09"]
[Round "3"]
[White "Kasperczyk, Sara"]
[Black "Hellriegel, Emma"]
[Result "1/2-1/2"]
[Termination "normal"]
[Board "17"]
[WhiteElo "784"]
[BlackElo "999"]
[WhiteClock "00:57:36"]
[BlackClock "00:21:49"]
[PlyCount "47"]
[WhiteFideId "533043574"]
[BlackFideId "533043558"]
[EventCountry "GER"]
[EventRounds "9"]
[EventType "swiss"]
[EventDate "2025.06.07"]

1. Nf3 {[%clk 01:30:55]} {[%emt 00:00:03]} d5 {[%clk 01:30:52]} {[%emt
00:00:32]} 2. g3 {[%clk 01:31:07]} {[%emt 00:00:19]} Nf6 {[%clk 01:31:05]}
{[%emt 00:00:18]} 3. Bg2 {[%clk 01:31:20]} {[%emt 00:00:17]} c6 {[%clk
01:31:00]} {[%emt 00:00:35]} 4. O-O {[%clk 01:30:49]} {[%emt 00:01:00]} h6
{[%clk 01:30:17]} {[%emt 00:01:13]} 5. b3 {[%clk 01:29:41]} {[%emt 00:01:38]}
Bf5 {[%clk 01:29:30]} {[%emt 00:01:17]} 6. d3 {[%clk 01:28:13]} {[%emt
00:01:57]} e6 {[%clk 01:29:09]} {[%emt 00:00:52]} 7. Bb2 {[%clk 01:26:40]}
{[%emt 00:02:02]} Be7 {[%clk 01:28:02]} {[%emt 00:01:36]} 8. Nh4 {[%clk
01:22:39]} {[%emt 00:04:31]} Bh7 {[%clk 01:27:19]} {[%emt 00:01:15]} 9. Re1
{[%clk 01:22:07]} {[%emt 00:01:01]} O-O {[%clk 01:22:15]} {[%emt 00:05:35]} 10.
c4 {[%clk 01:18:19]} {[%emt 00:04:17]} Bc5 {[%clk 01:13:16]} {[%emt 00:09:25]}
11. d4 {[%clk 01:16:50]} {[%emt 00:02:03]} Bb6 {[%clk 01:06:27]} {[%emt
00:07:20]} 12. Nc3 {[%clk 01:14:40]} {[%emt 00:02:37]} dxc4 {[%clk 01:04:42]}
{[%emt 00:02:18]} 13. e3 {[%clk 01:13:12]} {[%emt 00:01:56]} cxb3 {[%clk
01:01:37]} {[%emt 00:03:37]} 14. axb3 {[%clk 01:12:42]} {[%emt 00:01:00]} Nd5
{[%clk 00:57:31]} {[%emt 00:04:34]} 15. Qd2 {[%clk 01:10:34]} {[%emt 00:02:32]}
Nxc3 {[%clk 00:55:04]} {[%emt 00:03:05]} 16. Qxc3 {[%clk 01:10:00]} {[%emt
00:01:04]} Qf6 {[%clk 00:49:50]} {[%emt 00:05:34]} 17. Rf1 {[%clk 01:06:49]}
{[%emt 00:03:47]} Na6 {[%clk 00:39:59]} {[%emt 00:10:24]} 18. Qd2 {[%clk
01:05:36]} {[%emt 00:01:39]} Rfd8 {[%clk 00:37:42]} {[%emt 00:02:44]} 19. Qe2
{[%clk 01:04:05]} {[%emt 00:02:02]} Qe7 {[%clk 00:33:57]} {[%emt 00:04:16]} 20.
Qg4 {[%clk 01:02:24]} {[%emt 00:02:07]} Qf8 {[%clk 00:26:32]} {[%emt 00:07:54]}
21. d5 {[%clk 01:02:04]} {[%emt 00:00:57]} exd5 {[%clk 00:25:09]} {[%emt
00:01:54]} 22. Bf6 {[%clk 01:01:25]} {[%emt 00:01:04]} Rd6 {[%clk 00:23:42]}
{[%emt 00:01:57]} 23. Be5 {[%clk 01:00:04]} {[%emt 00:01:51]} Re6 {[%clk
00:21:49]} {[%emt 00:02:23]} 24. Bc3 {[%clk 00:57:36]} {[%emt 00:02:59]}
1/2-1/2

[Event "DEM U10w 2025"]
[Site "Willingen GER"]
[Date "2025.06.09"]
[Round "3"]
[White "Schmidt, Hannah"]
[Black "Bacakova, Johanna"]
[Result "0-1"]
[Termination "normal"]
[Board "18"]
[WhiteElo "1121"]
[BlackElo "1444"]
[WhiteClock "00:42:22"]
[BlackClock "00:32:25"]
[PlyCount "56"]
[WhiteFideId "533043639"]
[BlackFideId "533006849"]
[EventCountry "GER"]
[EventRounds "9"]
[EventType "swiss"]
[EventDate "2025.06.07"]

1. d4 {[%clk 01:30:59]} d5 {[%clk 01:30:50]} {[%emt 00:00:10]} 2. c4 {[%clk
01:31:19]} {[%emt 00:00:10]} e6 {[%clk 01:31:09]} {[%emt 00:00:11]} 3. Nc3
{[%clk 01:31:23]} {[%emt 00:00:26]} Nf6 {[%clk 01:30:50]} {[%emt 00:00:49]} 4.
Bg5 {[%clk 01:31:25]} {[%emt 00:00:27]} Be7 {[%clk 01:30:28]} {[%emt 00:00:54]}
5. Nf3 {[%clk 01:30:43]} {[%emt 00:01:12]} O-O {[%clk 01:28:37]} {[%emt
00:02:21]} 6. e3 {[%clk 01:29:29]} {[%emt 00:01:44]} c6 {[%clk 01:27:43]}
{[%emt 00:01:25]} 7. Bd3 {[%clk 01:27:14]} {[%emt 00:02:43]} Nbd7 {[%clk
01:25:48]} {[%emt 00:02:27]} 8. Qc2 {[%clk 01:24:50]} {[%emt 00:02:54]} h6
{[%clk 01:24:08]} {[%emt 00:02:10]} 9. Bh4 {[%clk 01:21:51]} {[%emt 00:03:29]}
Qc7 {[%clk 01:15:52]} {[%emt 00:08:46]} 10. a3 {[%clk 01:15:48]} {[%emt
00:06:33]} Re8 {[%clk 01:14:15]} {[%emt 00:02:06]} 11. b4 {[%clk 01:13:50]}
{[%emt 00:02:30]} Qb8 {[%clk 01:07:03]} {[%emt 00:07:42]} 12. c5 {[%clk
01:09:43]} {[%emt 00:04:36]} b6 {[%clk 01:05:44]} {[%emt 00:01:49]} 13. Rb1
{[%clk 01:08:10]} {[%emt 00:02:03]} Bd8 {[%clk 00:59:56]} {[%emt 00:06:17]} 14.
Ne2 {[%clk 00:59:15]} {[%emt 00:09:25]} Bc7 {[%clk 00:58:54]} {[%emt 00:01:32]}
15. b5 {[%clk 00:56:29]} {[%emt 00:03:17]} cxb5 {[%clk 00:56:20]} {[%emt
00:03:03]} 16. Bxb5 {[%clk 00:55:59]} {[%emt 00:00:59]} Rf8 {[%clk 00:53:03]}
{[%emt 00:03:48]} 17. Qa4 {[%clk 00:51:24]} {[%emt 00:05:06]} e5 {[%clk
00:50:02]} {[%emt 00:03:31]} 18. O-O {[%clk 00:50:24]} {[%emt 00:01:30]} e4
{[%clk 00:47:30]} {[%emt 00:03:03]} 19. Bxf6 {[%clk 00:46:10]} {[%emt
00:04:43]} Nxf6 {[%clk 00:47:25]} {[%emt 00:00:35]} 20. Ne5 {[%clk 00:45:55]}
{[%emt 00:00:45]} Bxe5 {[%clk 00:47:14]} {[%emt 00:00:41]} 21. dxe5 {[%clk
00:46:12]} {[%emt 00:00:13]} Qxe5 {[%clk 00:46:19]} {[%emt 00:01:24]} 22. cxb6
{[%clk 00:45:27]} {[%emt 00:01:16]} Ng4 {[%clk 00:45:44]} {[%emt 00:01:06]} 23.
f4 {[%clk 00:44:55]} {[%emt 00:01:03]} exf3 {[%clk 00:44:01]} {[%emt 00:02:12]}
24. Ng3 {[%clk 00:44:22]} {[%emt 00:01:03]} Qxe3+ {[%clk 00:42:16]} {[%emt
00:02:14]} 25. Kh1 {[%clk 00:43:42]} {[%emt 00:01:11]} Nf2+ {[%clk 00:32:26]}
{[%emt 00:10:20]} 26. Kg1 {[%clk 00:41:57]} {[%emt 00:02:16]} Nh3+ {[%clk
00:32:29]} {[%emt 00:00:27]} 27. Kh1 {[%clk 00:42:12]} {[%emt 00:00:15]} Qg1+
{[%clk 00:32:08]} {[%emt 00:00:51]} 28. Rxg1 {[%clk 00:42:22]} {[%emt
00:00:20]} Nf2# {[%clk 00:32:25]} {[%emt 00:00:13]} 0-1

[Event "DEM U10w 2025"]
[Site "Willingen GER"]
[Date "2025.06.09"]
[Round "3"]
[White "Dobrynina, Alona"]
[Black "Braginets, Alisa"]
[Result "1/2-1/2"]
[Termination "normal"]
[Board "19"]
[WhiteElo "1031"]
[BlackElo "871"]
[WhiteClock "00:58:16"]
[BlackClock "00:42:50"]
[PlyCount "82"]
[WhiteFideId "533043540"]
[BlackFideId "533041431"]
[EventCountry "GER"]
[EventRounds "9"]
[EventType "swiss"]
[EventDate "2025.06.07"]

1. e4 {[%clk 01:30:57]} {[%emt 00:00:03]} e5 {[%clk 01:30:53]} {[%emt
00:00:08]} 2. Nf3 {[%clk 01:31:19]} {[%emt 00:00:07]} Nf6 {[%clk 01:31:14]}
{[%emt 00:00:09]} 3. Nxe5 {[%clk 01:31:28]} {[%emt 00:00:21]} d6 {[%clk
01:31:24]} {[%emt 00:00:20]} 4. Nf3 {[%clk 01:31:38]} {[%emt 00:00:20]} Nxe4
{[%clk 01:31:22]} {[%emt 00:00:33]} 5. Qe2 {[%clk 01:31:41]} {[%emt 00:00:25]}
Qe7 {[%clk 01:28:56]} {[%emt 00:02:58]} 6. d3 {[%clk 01:30:47]} {[%emt
00:01:24]} Nf6 {[%clk 01:28:21]} {[%emt 00:01:04]} 7. Be3 {[%clk 01:30:09]}
{[%emt 00:01:08]} Nc6 {[%clk 01:26:43]} {[%emt 00:02:05]} 8. Nc3 {[%clk
01:29:30]} {[%emt 00:01:12]} Be6 {[%clk 01:25:25]} {[%emt 00:01:47]} 9. Qd2
{[%clk 01:28:18]} {[%emt 00:01:42]} h6 {[%clk 01:24:00]} {[%emt 00:01:54]} 10.
d4 {[%clk 01:26:42]} {[%emt 00:02:07]} d5 {[%clk 01:23:04]} {[%emt 00:01:26]}
11. Be2 {[%clk 01:26:18]} {[%emt 00:00:55]} O-O-O {[%clk 01:20:40]} {[%emt
00:02:54]} 12. Bb5 {[%clk 01:23:32]} {[%emt 00:03:16]} Bd7 {[%clk 01:15:59]}
{[%emt 00:05:05]} 13. Bxc6 {[%clk 01:23:04]} {[%emt 00:01:04]} Bxc6 {[%clk
01:15:24]} {[%emt 00:01:05]} 14. Ne5 {[%clk 01:22:54]} {[%emt 00:00:40]} Bd7
{[%clk 01:12:21]} {[%emt 00:03:31]} 15. Nxd7 {[%clk 01:21:54]} {[%emt
00:01:33]} Qxd7 {[%clk 01:11:23]} {[%emt 00:01:25]} 16. a4 {[%clk 01:20:09]}
{[%emt 00:02:17]} Bb4 {[%clk 01:10:37]} {[%emt 00:01:15]} 17. Qd3 {[%clk
01:16:42]} {[%emt 00:03:57]} a6 {[%clk 01:06:40]} {[%emt 00:04:27]} 18. O-O
{[%clk 01:13:48]} {[%emt 00:03:25]} c5 {[%clk 01:04:31]} {[%emt 00:02:34]} 19.
dxc5 {[%clk 01:12:04]} {[%emt 00:02:18]} d4 {[%clk 01:02:50]} {[%emt 00:02:10]}
20. c6 {[%clk 01:10:27]} {[%emt 00:02:07]} bxc6 {[%clk 01:02:28]} {[%emt
00:00:51]} 21. Qxa6+ {[%clk 01:10:25]} {[%emt 00:00:34]} Qb7 {[%clk 01:00:47]}
{[%emt 00:02:08]} 22. Qxb7+ {[%clk 01:09:20]} {[%emt 00:01:37]} Kxb7 {[%clk
01:00:45]} {[%emt 00:00:33]} 23. a5 {[%clk 01:08:30]} {[%emt 00:01:20]} dxe3
{[%clk 01:00:08]} {[%emt 00:01:06]} 24. a6+ {[%clk 01:08:26]} {[%emt 00:00:36]}
Ka7 {[%clk 00:59:54]} {[%emt 00:00:38]} 25. fxe3 {[%clk 01:04:40]} {[%emt
00:04:21]} Bxc3 {[%clk 00:58:47]} {[%emt 00:01:36]} 26. bxc3 {[%clk 01:04:47]}
{[%emt 00:00:24]} Rb8 {[%clk 00:58:03]} {[%emt 00:01:12]} 27. Rf4 {[%clk
01:02:40]} {[%emt 00:02:39]} Rhf8 {[%clk 00:56:16]} {[%emt 00:02:17]} 28. Rc4
{[%clk 01:02:46]} {[%emt 00:00:22]} Rb6 {[%clk 00:55:59]} {[%emt 00:00:48]} 29.
e4 {[%clk 01:00:24]} {[%emt 00:02:53]} Nd7 {[%clk 00:54:50]} {[%emt 00:01:39]}
30. Rd4 {[%clk 00:58:51]} {[%emt 00:02:01]} Rd8 {[%clk 00:53:22]} {[%emt
00:01:57]} 31. c4 {[%clk 00:58:29]} {[%emt 00:00:55]} Rxa6 {[%clk 00:52:11]}
{[%emt 00:01:40]} 32. Rb1 {[%clk 00:58:41]} {[%emt 00:00:19]} Ra4 {[%clk
00:50:52]} {[%emt 00:01:47]} 33. Rd3 {[%clk 00:58:45]} {[%emt 00:00:27]} Ra6
{[%clk 00:49:36]} {[%emt 00:01:46]} 34. Rdb3 {[%clk 00:58:20]} {[%emt
00:00:55]} Rb8 {[%clk 00:49:06]} {[%emt 00:01:00]} 35. e5 {[%clk 00:58:07]}
{[%emt 00:00:44]} Rxb3 {[%clk 00:48:46]} {[%emt 00:00:50]} 36. cxb3 {[%clk
00:57:54]} {[%emt 00:00:42]} Nxe5 {[%clk 00:47:54]} {[%emt 00:01:22]} 37. Re1
{[%clk 00:57:45]} {[%emt 00:00:39]} Ng4 {[%clk 00:47:45]} {[%emt 00:00:39]} 38.
h3 {[%clk 00:57:51]} {[%emt 00:00:24]} Nf6 {[%clk 00:47:01]} {[%emt 00:01:12]}
39. Re7+ {[%clk 00:57:49]} {[%emt 00:00:33]} Kb6 {[%clk 00:46:58]} {[%emt
00:00:33]} 40. Rxf7 {[%clk 00:58:11]} {[%emt 00:00:09]} Ra1+ {[%clk 00:46:37]}
{[%emt 00:00:51]} 41. Kh2 {[%clk 00:58:16]} {[%emt 00:00:15]} Ra3 {[%clk
00:42:50]} 1/2-1/2

[Event "DEM U10w 2025"]
[Site "Willingen GER"]
[Date "2025.06.09"]
[Round "3"]
[White "Richter Assencio, Victoria"]
[Black "Seyedfakhari, Elena"]
[Result "0-1"]
[Termination "normal"]
[Board "20"]
[WhiteElo "955"]
[BlackElo "1477"]
[WhiteClock "01:04:47"]
[BlackClock "01:25:02"]
[PlyCount "92"]
[WhiteFideId "533043620"]
[BlackFideId "34639888"]
[EventCountry "GER"]
[EventRounds "9"]
[EventType "swiss"]
[EventDate "2025.06.07"]

1. e4 {[%clk 01:30:37]} {[%emt 00:00:22]} e5 {[%clk 01:30:29]} {[%emt
00:00:30]} 2. Nf3 {[%clk 01:30:18]} {[%emt 00:00:51]} Nc6 {[%clk 01:30:31]}
{[%emt 00:00:26]} 3. d4 {[%clk 01:30:03]} {[%emt 00:00:43]} exd4 {[%clk
01:29:54]} {[%emt 00:01:05]} 4. Nxd4 {[%clk 01:30:03]} {[%emt 00:00:35]} Nxd4
{[%clk 01:29:38]} {[%emt 00:00:45]} 5. Qxd4 {[%clk 01:30:26]} {[%emt 00:00:08]}
Ne7 {[%clk 01:29:10]} {[%emt 00:00:55]} 6. Nc3 {[%clk 01:27:43]} {[%emt
00:03:17]} d6 {[%clk 01:28:44]} {[%emt 00:00:40]} 7. b4 {[%clk 01:27:51]}
{[%emt 00:00:38]} Be6 {[%clk 01:28:26]} {[%emt 00:00:36]} 8. Bd3 {[%clk
01:26:17]} {[%emt 00:02:17]} Ng6 {[%clk 01:28:03]} {[%emt 00:00:52]} 9. Bb2
{[%clk 01:26:04]} {[%emt 00:00:43]} Qg5 {[%clk 01:27:14]} {[%emt 00:01:09]} 10.
Bc1 {[%clk 01:26:27]} {[%emt 00:00:15]} Qxg2 {[%clk 01:27:08]} {[%emt
00:00:36]} 11. Rf1 {[%clk 01:25:46]} {[%emt 00:01:13]} Qxh2 {[%clk 01:26:52]}
{[%emt 00:00:44]} 12. Nb5 {[%clk 01:26:11]} {[%emt 00:00:07]} c5 {[%clk
01:26:10]} {[%emt 00:01:10]} 13. bxc5 {[%clk 01:26:12]} {[%emt 00:00:31]} dxc5
{[%clk 01:26:21]} {[%emt 00:00:17]} 14. Qa4 {[%clk 01:25:31]} {[%emt 00:01:13]}
Bd7 {[%clk 01:25:21]} {[%emt 00:01:21]} 15. f4 {[%clk 01:23:18]} {[%emt
00:02:52]} Qg3+ {[%clk 01:24:36]} {[%emt 00:01:01]} 16. Rf2 {[%clk 01:19:27]}
{[%emt 00:04:34]} Be7 {[%clk 01:23:42]} {[%emt 00:01:24]} 17. c3 {[%clk
01:18:33]} {[%emt 00:01:25]} Qxd3 {[%clk 01:23:01]} {[%emt 00:01:09]} 18. Nc7+
{[%clk 01:18:57]} {[%emt 00:00:08]} Kd8 {[%clk 01:23:07]} {[%emt 00:00:23]} 19.
Qxd7+ {[%clk 01:07:11]} {[%emt 00:12:17]} Qxd7 {[%clk 01:22:53]} {[%emt
00:00:37]} 20. Rd2 {[%clk 01:07:33]} {[%emt 00:00:15]} Qxd2+ {[%clk 01:23:03]}
{[%emt 00:00:19]} 21. Bxd2 {[%clk 01:07:55]} {[%emt 00:00:08]} Kxc7 {[%clk
01:23:19]} {[%emt 00:00:14]} 22. f5 {[%clk 01:08:17]} {[%emt 00:00:09]} Ne5
{[%clk 01:23:23]} {[%emt 00:00:24]} 23. Bf4 {[%clk 01:08:37]} {[%emt 00:00:11]}
Bd6 {[%clk 01:23:30]} {[%emt 00:00:21]} 24. Rd1 {[%clk 01:08:27]} {[%emt
00:00:42]} Nf3+ {[%clk 01:23:16]} {[%emt 00:00:44]} 25. Kf2 {[%clk 01:08:35]}
{[%emt 00:00:23]} Bxf4 {[%clk 01:23:29]} {[%emt 00:00:15]} 26. Kxf3 {[%clk
01:08:58]} {[%emt 00:00:08]} Be5 {[%clk 01:23:33]} {[%emt 00:00:22]} 27. Rd3
{[%clk 01:09:12]} {[%emt 00:00:19]} Rad8 {[%clk 01:23:47]} {[%emt 00:00:15]}
28. Re3 {[%clk 01:09:20]} {[%emt 00:00:24]} c4 {[%clk 01:23:51]} {[%emt
00:00:26]} 29. Ke2 {[%clk 01:09:02]} {[%emt 00:00:48]} Rd3 {[%clk 01:23:41]}
{[%emt 00:00:38]} 30. Rxd3 {[%emt 00:00:09]} cxd3+ {[%clk 01:23:57]} {[%emt
00:00:11]} 31. Kxd3 {[%clk 01:09:47]} {[%emt 00:00:11]} h5 {[%clk 01:24:12]}
{[%emt 00:00:15]} 32. c4 {[%clk 01:09:57]} {[%emt 00:00:20]} h4 {[%clk
01:24:31]} {[%emt 00:00:11]} 33. Ke2 {[%clk 01:10:24]} {[%emt 00:00:03]} h3
{[%clk 01:24:54]} {[%emt 00:00:06]} 34. Kf1 {[%clk 01:10:51]} {[%emt 00:00:03]}
Bh2 {[%clk 01:25:07]} {[%emt 00:00:16]} 35. a3 {[%clk 01:11:04]} {[%emt
00:00:19]} Kd6 {[%clk 01:25:09]} {[%emt 00:00:26]} 36. a4 {[%clk 01:10:46]}
{[%emt 00:00:50]} Kc5 {[%clk 01:24:48]} {[%emt 00:00:50]} 37. a5 {[%clk
01:11:11]} {[%emt 00:00:06]} Kxc4 {[%clk 01:24:55]} {[%emt 00:00:21]} 38. e5
{[%clk 01:11:37]} {[%emt 00:00:06]} Kd5 {[%clk 01:25:11]} {[%emt 00:00:11]} 39.
f6 {[%clk 01:06:07]} {[%emt 00:06:00]} gxf6 {[%clk 01:25:30]} {[%emt 00:00:14]}
40. exf6 {[%clk 01:04:08]} {[%emt 00:02:29]} Ke4 {[%clk 01:25:44]} {[%emt
00:00:14]} 41. Kf2 {[%clk 01:04:21]} {[%emt 00:00:20]} Rc8 {[%clk 01:24:58]}
{[%emt 00:01:10]} 42. Ke2 {[%clk 01:03:35]} {[%emt 00:01:22]} Rc2+ {[%clk
01:24:14]} {[%emt 00:01:13]} 43. Ke1 {[%clk 01:03:57]} {[%emt 00:00:08]} Kd3
{[%clk 01:24:30]} {[%emt 00:00:14]} 44. a6 {[%clk 01:04:17]} {[%emt 00:00:10]}
bxa6 {[%clk 01:24:52]} {[%emt 00:00:08]} 45. Kf1 {[%clk 01:04:34]} {[%emt
00:00:13]} Ke3 {[%clk 01:25:11]} {[%emt 00:00:11]} 46. Ke1 {[%clk 01:04:47]}
{[%emt 00:00:18]} Rc1# {[%clk 01:25:02]} {[%emt 00:00:08]} 0-1

[Event "DEM U10w 2025"]
[Site "Willingen GER"]
[Date "2025.06.09"]
[Round "3"]
[White "He, Siqi"]
[Black "Quauck, Johanna"]
[Result "1-0"]
[Termination "normal"]
[Board "21"]
[WhiteElo "952"]
[BlackElo "973"]
[WhiteClock "01:27:07"]
[BlackClock "00:45:24"]
[PlyCount "131"]
[WhiteFideId "34682708"]
[BlackFideId "533043604"]
[EventCountry "GER"]
[EventRounds "9"]
[EventType "swiss"]
[EventDate "2025.06.07"]

1. e4 {[%clk 01:30:59]} c5 {[%clk 01:30:50]} {[%emt 00:00:11]} 2. d4 {[%clk
01:31:21]} {[%emt 00:00:08]} cxd4 {[%clk 01:31:15]} {[%emt 00:00:05]} 3. Qxd4
{[%clk 01:31:44]} {[%emt 00:00:07]} Nc6 {[%clk 01:31:35]} {[%emt 00:00:09]} 4.
Qd3 {[%clk 01:32:07]} {[%emt 00:00:07]} Nf6 {[%clk 01:31:49]} {[%emt 00:00:17]}
5. Nc3 {[%clk 01:32:21]} {[%emt 00:00:17]} e5 {[%clk 01:32:03]} {[%emt
00:00:16]} 6. Nf3 {[%clk 01:32:38]} {[%emt 00:00:13]} Bc5 {[%clk 01:31:47]}
{[%emt 00:00:46]} 7. Be2 {[%clk 01:32:37]} {[%emt 00:00:30]} Nb4 {[%clk
01:31:53]} {[%emt 00:00:22]} 8. Qd2 {[%clk 01:32:49]} {[%emt 00:00:21]} d6
{[%clk 01:31:26]} {[%emt 00:00:57]} 9. h3 {[%clk 01:32:51]} {[%emt 00:00:28]}
Be6 {[%clk 01:30:06]} {[%emt 00:01:50]} 10. a3 {[%clk 01:32:55]} {[%emt
00:00:26]} Nc6 {[%clk 01:29:46]} {[%emt 00:00:49]} 11. b4 {[%clk 01:33:14]}
{[%emt 00:00:11]} Bd4 {[%clk 01:29:23]} {[%emt 00:00:53]} 12. Nxd4 {[%clk
01:30:00]} {[%emt 00:03:41]} Nxd4 {[%clk 01:29:22]} {[%emt 00:00:34]} 13. Nb5
{[%clk 01:28:32]} {[%emt 00:01:58]} Nxe4 {[%clk 01:26:29]} {[%emt 00:03:23]}
14. Qd3 {[%clk 01:28:31]} {[%emt 00:00:31]} Qh4 {[%clk 01:18:02]} {[%emt
00:08:56]} 15. g3 {[%clk 01:28:01]} {[%emt 00:01:00]} Qf6 {[%clk 01:16:27]}
{[%emt 00:02:05]} 16. Qxe4 {[%clk 01:27:03]} {[%emt 00:01:28]} Bf5 {[%clk
01:11:01]} {[%emt 00:05:56]} 17. Qg2 {[%clk 01:26:31]} {[%emt 00:01:03]} Nxc2+
{[%clk 01:10:58]} {[%emt 00:00:33]} 18. Kf1 {[%clk 01:26:53]} {[%emt 00:00:08]}
Qe7 {[%clk 01:08:26]} {[%emt 00:03:02]} 19. Ra2 {[%clk 01:26:58]} {[%emt
00:00:25]} a6 {[%clk 01:05:40]} {[%emt 00:03:14]} 20. Nc3 {[%clk 01:26:54]}
{[%emt 00:00:35]} Rc8 {[%clk 01:00:54]} {[%emt 00:05:14]} 21. Bd2 {[%clk
01:25:35]} {[%emt 00:01:51]} O-O {[%clk 00:57:37]} {[%emt 00:03:47]} 22. g4
{[%clk 01:25:42]} {[%emt 00:00:23]} Bg6 {[%clk 00:56:28]} {[%emt 00:01:39]} 23.
h4 {[%clk 01:25:43]} {[%emt 00:00:19]} h5 {[%clk 00:54:27]} {[%emt 00:02:40]}
24. gxh5 {[%clk 01:22:02]} {[%emt 00:04:12]} Bh7 {[%clk 00:54:37]} {[%emt
00:00:19]} 25. h6 {[%clk 01:22:14]} {[%emt 00:00:19]} Bg6 {[%clk 00:52:33]}
{[%emt 00:02:33]} 26. hxg7 {[%clk 01:22:21]} {[%emt 00:00:24]} Kxg7 {[%clk
00:52:23]} {[%emt 00:00:38]} 27. Qg5 {[%clk 01:22:25]} {[%emt 00:00:26]} Qxg5
{[%clk 00:50:30]} {[%emt 00:02:24]} 28. hxg5 {[%clk 01:22:51]} {[%emt
00:00:03]} f6 {[%clk 00:50:01]} {[%emt 00:00:59]} 29. gxf6+ {[%clk 01:20:39]}
{[%emt 00:02:44]} Rxf6 {[%clk 00:50:14]} {[%emt 00:00:16]} 30. Nd5 {[%clk
01:20:39]} {[%emt 00:00:31]} Rf7 {[%clk 00:48:54]} {[%emt 00:01:49]} 31. Bh6+
{[%clk 01:20:48]} {[%emt 00:00:20]} Kg8 {[%clk 00:47:57]} {[%emt 00:01:27]} 32.
Nb6 {[%clk 01:20:46]} {[%emt 00:00:33]} Rc3 {[%clk 00:46:57]} {[%emt 00:01:27]}
33. Bc4 {[%clk 01:20:45]} {[%emt 00:00:33]} Bd3+ {[%clk 00:46:11]} {[%emt
00:01:15]} 34. Bxd3 {[%clk 01:20:56]} {[%emt 00:00:20]} Rxd3 {[%clk 00:46:25]}
{[%emt 00:00:16]} 35. Rxc2 {[%clk 01:21:17]} {[%emt 00:00:09]} Rxa3 {[%clk
00:45:16]} {[%emt 00:01:39]} 36. Rc8+ {[%clk 01:20:45]} {[%emt 00:01:02]} Kh7
{[%clk 00:45:05]} {[%emt 00:00:42]} 37. Bc1+ {[%clk 01:21:10]} {[%emt
00:00:05]} Kg6 {[%clk 00:45:15]} {[%emt 00:00:19]} 38. Bxa3 {[%clk 01:21:33]}
{[%emt 00:00:08]} e4 {[%clk 00:45:09]} {[%emt 00:00:35]} 39. Rg1+ {[%clk
01:21:41]} {[%emt 00:00:23]} Kf5 {[%clk 00:45:01]} {[%emt 00:00:34]} 40. Rd8
{[%clk 01:21:15]} {[%emt 00:01:00]} Ke6 {[%clk 00:45:01]} {[%emt 00:00:28]} 41.
Nc4 {[%clk 01:21:19]} {[%emt 00:00:27]} d5 {[%clk 00:42:44]} {[%emt 00:02:46]}
42. Ne3 {[%clk 01:21:09]} {[%emt 00:00:40]} Rf3 {[%clk 00:41:43]} {[%emt
00:01:30]} 43. Rxd5 {[%clk 01:21:18]} {[%emt 00:00:20]} b5 {[%clk 00:41:29]}
{[%emt 00:00:47]} 44. Rg6+ {[%clk 01:21:38]} {[%emt 00:00:10]} Rf6 {[%clk
00:41:43]} {[%emt 00:00:16]} 45. Rxf6+ {[%clk 01:21:55]} {[%emt 00:00:08]} Kxf6
{[%clk 00:42:04]} {[%emt 00:00:14]} 46. Rd6+ {[%clk 01:22:17]} {[%emt
00:00:08]} Ke5 {[%clk 00:42:19]} {[%emt 00:00:15]} 47. Rxa6 {[%clk 01:22:41]}
{[%emt 00:00:07]} Kd4 {[%clk 00:42:36]} {[%emt 00:00:11]} 48. Rb6 {[%clk
01:22:57]} {[%emt 00:00:15]} Kc3 {[%clk 00:42:07]} {[%emt 00:00:58]} 49. Rxb5
{[%clk 01:23:19]} {[%emt 00:00:09]} Kb3 {[%emt 00:00:14]} 50. Re5 {[%emt
00:00:19]} Kxa3 {[%clk 00:41:56]} {[%emt 00:00:07]} 51. b5 {[%clk 01:23:42]}
{[%emt 00:00:08]} Kb4 {[%clk 00:42:02]} {[%emt 00:00:23]} 52. b6 {[%clk
01:24:06]} {[%emt 00:00:07]} Kc3 {[%clk 00:42:25]} {[%emt 00:00:06]} 53. b7
{[%clk 01:24:30]} {[%emt 00:00:06]} Kd4 {[%clk 00:42:47]} {[%emt 00:00:07]} 54.
Rxe4+ {[%clk 01:24:45]} {[%emt 00:00:17]} Kxe4 {[%clk 00:43:06]} {[%emt
00:00:10]} 55. b8=Q {[%clk 01:24:20]} {[%emt 00:00:34]} Kd3 {[%clk 00:43:35]}
{[%emt 00:00:23]} 56. f4 {[%clk 01:24:45]} {[%emt 00:00:06]} Kxe3 {[%clk
00:43:56]} {[%emt 00:00:09]} 57. f5 {[%emt 00:00:22]} Ke4 {[%clk 00:44:04]}
{[%emt 00:00:05]} 58. f6 {[%clk 01:25:34]} {[%emt 00:00:06]} Kd3 {[%clk
00:44:11]} {[%emt 00:00:07]} 59. f7 {[%clk 01:26:02]} {[%emt 00:00:18]} Kd2
{[%clk 00:44:33]} {[%emt 00:00:06]} 60. f8=R {[%clk 01:25:51]} {[%emt
00:00:10]} Kd1 {[%clk 00:44:51]} {[%emt 00:00:44]} 61. Qe8 {[%clk 01:25:39]}
{[%emt 00:00:42]} Kd2 {[%clk 00:45:08]} {[%emt 00:00:12]} 62. Rf7 {[%clk
01:26:01]} {[%emt 00:00:07]} Kd1 {[%clk 00:45:24]} {[%emt 00:00:15]} 63. Rd7+
{[%clk 01:26:28]} {[%emt 00:00:04]} Kc2 {[%emt 00:00:12]} 64. Qc8+ {[%emt
00:00:10]} Kb2 {[%clk 00:44:56]} {[%emt 00:00:05]} 65. Rb7+ {[%clk 01:26:55]}
{[%emt 00:00:33]} Ka3 {[%clk 00:45:24]} {[%emt 00:00:02]} 66. Qa8# {[%clk
01:27:07]} {[%emt 00:00:19]} 1-0